|
|
|
|
| LEADER |
00000cam a2200000 a 4500 |
| 001 |
vtls001068322 |
| 003 |
SK-MaSNL |
| 005 |
20260301192147.0 |
| 008 |
240226s1991 xo dl frn 100 0 slo |
| 015 |
|
|
|a SNBA1992/07
|
| 020 |
|
|
|a 8022801259
|q (brožované)
|
| 035 |
|
|
|a SNK000011152
|
| 035 |
|
|
|a 996A733A-0AD5-48FA-B2CB-8B0DB094F48E
|
| 035 |
|
|
|a urn:nbn:sk:snk-am00ifjc
|
| 040 |
|
|
|a SNK
|b slo
|c SNK
|e AACR2
|
| 041 |
0 |
|
|a slo
|a cze
|
| 044 |
|
|
|a xo
|c SK
|
| 072 |
|
7 |
|a 532
|x Mechanika tekutín všeobecne. Mechanika kvapalín
|2 konspekt
|
| 080 |
|
|
|a 532+536(082)
|2 1997
|
| 080 |
|
|
|a 536(082)
|2 1997
|
| 080 |
|
|
|a 62-82(082)
|2 1997
|
| 080 |
|
|
|a 532
|2 2011
|
| 080 |
|
|
|a 536
|2 2011
|
| 080 |
|
|
|a (062.534)
|2 2011
|
| 245 |
0 |
0 |
|a IX. celoštátny seminár katedier mechaniky tekutín a termomechaniky
|b zborník prednášok
|
| 246 |
3 |
|
|a Deviaty celoštátny seminár katedier mechaniky tekutín a termomechaniky
|
| 250 |
|
|
|a 2. vyd.
|
| 260 |
|
|
|a Zvolen
|b Vysoká škola lesnícka a drevárska
|c 1991
|e Zvolen
|f Edičné stredisko Vysokej školy lesníckej a drevárskej
|
| 300 |
|
|
|a 132 strán
|b grafy, schémy
|c 21 cm
|
| 366 |
|
|
|e 50 výtl.
|
| 504 |
|
|
|a Obsahuje bibliografiu
|
| 546 |
|
|
|a Čiastočný text v češtine
|
| 650 |
0 |
7 |
|a mechanika tekutín
|2 SNKPH
|9 3673
|
| 650 |
0 |
7 |
|a termomechanika
|2 SNKPH
|9 3689
|
| 655 |
|
7 |
|a zborníky konferencií
|2 SNKPH
|9 70153
|
| 710 |
2 |
|
|a Vysoká škola lesnícka a drevárska vo Zvolene.
|b Drevárska fakulta.
|b Katedra fyziky a aplikovanej mechaniky
|4 pbl
|9 224063
|
| 710 |
2 |
|
|a Školská organizácia Slovenskej vedecko-technickej spoločnosti VŠLD Zvolen
|4 pbl
|9 569751
|
| 852 |
|
|
|a Slovenská národná knižnica
|
| 919 |
|
|
|a 80-228-0125-9
|
| 954 |
|
|
|a odborná, vedecká literatúra pôvodná (slovenská)
|2 lita
|
| 958 |
|
|
|a CZ
|
| 958 |
|
|
|a NB
|
| 958 |
|
|
|a RM
|
| 958 |
|
|
|a OND
|
| 958 |
|
|
|a EUIPO
|
| 999 |
|
|
|c 873439
|d 875369
|
| 952 |
|
|
|a SNK
|b SNK
|y PREZ
|7 0
|p 17A0982939
|o snkSC 81744
|i snkKSP 4416/92
|0 0
|1 0
|4 0
|d 2012-08-14
|f 1
|l 0
|r 2025-08-18 00:00:00
|w 2026-02-24
|
| 952 |
|
|
|t P60, <04>, [BOOK], {604}
|a SNK
|b SNK
|y VYP
|7 0
|p 17A0315073
|o snkSC 81744 D1
|i snkKSP 4417/92
|0 0
|1 0
|4 0
|d 2001-09-12
|l 0
|r 2004-12-31 00:00:00
|w 2026-02-24
|